| 000 | 00383nam a2200145Ia 4500 | ||
|---|---|---|---|
| 008 | 150201s1993 xx 000 0 und d | ||
| 082 |
_a616.0757 _bC1993P |
||
| 100 | _aPASTER,FRIENDRICH | ||
| 245 | _aCOLOUR ATLAS OF DENTAL MEDICINE : RADIOLOGY | ||
| 250 | _a1ST | ||
| 260 |
_bTHIENE PUBLICATION _aNEW YORK _c1993 |
||
| 300 | _a1-265 | ||
| 650 | _aORAL MEDICINE | ||
| 942 |
_2ddc _cBK _01 |
||
| 999 |
_c3455 _d3455 |
||